[Event "Europa ch 2014"]
[Site "Yerevan ARM"]
[Date "2014.03.07"]
[Round "5.95"]
[White "Arabidze, Meri"]
[Black "Vatinyan, Gor"]
[Result "1-0"]
[WhiteElo "2388"]
[BlackElo "2176"]
[PlyCount "70"]
[EventDate "2014.03.03"]
[EventType "swiss"]
[EventRounds "11"]
[EventCountry "ARM"]
[Source "lmi"]
[SourceDate "2014.03.02"]

1. d4 c5 2. d5 Nf6 3. Nc3 d6 4. e4 g6 5. Be2 Bg7 6. Nf3 O-O 7. O-O Nbd7 8. h3
Rb8 9. a4 a6 10. Re1 Qc7 11. Bf4 c4 12. Bf1 Nc5 13. e5 Nfd7 14. exd6 exd6 15.
Qd2 b5 16. axb5 axb5 17. Nd4 Ne5 18. Ncxb5 Qd7 19. Ra7 Rb7 20. Rxb7 Bxb7 21.
Nc3 Na4 22. Ndb5 Nb6 23. Na3 Rc8 24. Be3 Qd8 25. Nab5 f5 26. f4 Nf7 27. Bf2 Nd7
28. Na7 Ra8 29. Nc6 Bxc6 30. dxc6 Nb6 31. Nd5 Nxd5 32. Qxd5 c3 33. Bc4 Qc7 34.
b4 Kf8 35. b5 Rb8 1-0

[Event "Europa ch 2014"]
[Site "Yerevan ARM"]
[Date "2014.03.07"]
[Round "5.96"]
[White "Ali Marandi, Cemil Can"]
[Black "Manukyan, Sargis A"]
[Result "1/2-1/2"]
[WhiteElo "2380"]
[BlackElo "2123"]
[PlyCount "102"]
[EventDate "2014.03.03"]
[EventType "swiss"]
[EventRounds "11"]
[EventCountry "ARM"]
[Source "lmi"]
[SourceDate "2014.03.02"]

1. e4 c5 2. Nf3 d6 3. d4 cxd4 4. Nxd4 Nf6 5. Nc3 a6 6. a4 e6 7. Be2 Be7 8. Be3
O-O 9. O-O Qc7 10. Kh1 Nc6 11. f4 Bd7 12. Qe1 Nxd4 13. Bxd4 Bc6 14. Qg3 b5 15.
Bd3 b4 16. Nd1 e5 17. fxe5 Nh5 18. Qg4 dxe5 19. Qxh5 exd4 20. Rf3 g6 21. Qh6
Qe5 22. Rh3 Qg7 23. Qd2 h5 24. Nf2 Qe5 25. Rf3 Kg7 26. Nh3 f5 27. exf5 Bxf3 28.
gxf3 Qe3 29. Qxe3 dxe3 30. Nf4 gxf5 31. Ne6+ Kf6 32. Nxf8 Bxf8 33. a5 Bd6 34.
Rd1 Bf4 35. Bc4 Be5 36. b3 Rc8 37. Kg2 Rc5 38. Rd7 Bc3 39. Kf1 Rxa5 40. Rd6+
Kg5 41. Rxa6 Rc5 42. Rb6 Kf4 43. Rb5 Rxb5 44. Bxb5 h4 45. Ke2 h3 46. Bd7 Bf6
47. Bc6 Bh4 48. Kf1 Bf2 49. Bb7 Ke5 50. Bc8 Bh4 51. Ba6 Bg5 1/2-1/2

[Event "Europa ch 2014"]
[Site "Yerevan ARM"]
[Date "2014.03.07"]
[Round "5.97"]
[White "Karatorossian, David"]
[Black "Kalashian, David"]
[Result "0-1"]
[WhiteElo "2262"]
[BlackElo "2380"]
[PlyCount "52"]
[EventDate "2014.03.03"]
[EventType "swiss"]
[EventRounds "11"]
[EventCountry "ARM"]
[Source "lmi"]
[SourceDate "2014.03.02"]

1. e4 c6 2. d4 g6 3. Nc3 Bg7 4. Be3 d6 5. f4 Nf6 6. Nf3 O-O 7. Bd3 b5 8. a3 Ng4
9. Bg1 e5 10. fxe5 dxe5 11. d5 a6 12. Qe2 Nf6 13. O-O-O cxd5 14. exd5 Nbd7 15.
Nxe5 Nxd5 16. Nxd5 Nxe5 17. Be4 Bg4 18. Bf3 Qg5+ 19. Be3 Bxf3 20. gxf3 Qh4 21.
Bd4 Rae8 22. Rhe1 Nd3+ 23. Qxd3 Rxe1 24. Bxg7 Rxd1+ 25. Kxd1 Kxg7 26. Qc3+ f6
0-1

[Event "Europa ch 2014"]
[Site "Yerevan ARM"]
[Date "2014.03.07"]
[Round "5.98"]
[White "Qashashvili, Alexandre"]
[Black "Sayadyan, Edvard"]
[Result "1-0"]
[WhiteElo "2378"]
[BlackElo "2010"]
[PlyCount "65"]
[EventDate "2014.03.03"]
[EventType "swiss"]
[EventRounds "11"]
[EventCountry "ARM"]
[Source "lmi"]
[SourceDate "2014.03.02"]

1. e4 c5 2. Nf3 d6 3. d4 cxd4 4. Nxd4 Nf6 5. Nc3 g6 6. Be2 Bg7 7. O-O O-O 8.
Re1 Nc6 9. Nb3 Be6 10. Bg5 d5 11. Nc5 dxe4 12. Nxe6 fxe6 13. Qxd8 Rfxd8 14. Bc4
Nd4 15. Rac1 Rac8 16. b3 h6 17. Bh4 Kf7 18. a4 a6 19. a5 g5 20. Bg3 Nc6 21.
Nxe4 Nxa5 22. Bxe6+ Kxe6 23. Nd6+ Kd7 24. Rcd1 Kc6 25. Nxc8 Rxc8 26. Rxe7 Nh5
27. Re6+ Kc5 28. Bd6+ Kb6 29. g4 Ka7 30. gxh5 Rxc2 31. b4 Nc6 32. Bc5+ Kb8 33.
Re7 1-0

[Event "Europa ch 2014"]
[Site "Yerevan ARM"]
[Date "2014.03.07"]
[Round "5.99"]
[White "Torosyan, Norayr"]
[Black "Oganian, Miran"]
[Result "1-0"]
[WhiteElo "2216"]
[BlackElo "2376"]
[PlyCount "113"]
[EventDate "2014.03.03"]
[EventType "swiss"]
[EventRounds "11"]
[EventCountry "ARM"]
[Source "lmi"]
[SourceDate "2014.03.02"]

1. e4 c5 2. Nf3 Nc6 3. Bb5 d6 4. O-O Bd7 5. Re1 Nf6 6. c3 a6 7. Bf1 Bg4 8. h3
Bxf3 9. Qxf3 g6 10. Qd1 Bh6 11. d3 Bxc1 12. Qxc1 O-O 13. Nd2 Qc7 14. Nf3 Rac8
15. Qd2 b5 16. d4 cxd4 17. cxd4 d5 18. e5 Ne4 19. Qh6 f6 20. Bd3 Qb7 21. Bxe4
dxe4 22. exf6 exf6 23. Rxe4 Nb4 24. Rae1 Nd5 25. h4 Rc2 26. R4e2 Rxe2 27. Rxe2
Qc7 28. Qd2 Rc8 29. Re1 Qd7 30. Qd3 Qg4 31. Qb3 Rc4 32. a4 Kg7 33. axb5 axb5
34. Qxb5 Nf4 35. Qb7+ Kh6 36. Nh2 Ne2+ 37. Kf1 Qf4 38. Rxe2 Rc1+ 39. Re1 Qxh2
40. Rxc1 Qh1+ 41. Ke2 Qxc1 42. Qb3 Kg7 43. Qc3 Qb1 44. g3 h5 45. Ke3 g5 46. d5
gxh4 47. gxh4 Qf5 48. Qd4 Kf7 49. d6 Qe6+ 50. Kd2 Qd7 51. b4 Qa4 52. d7 Qa2+
53. Ke1 Qb1+ 54. Ke2 Qc2+ 55. Kf1 Qb1+ 56. Kg2 Qg6+ 57. Kh2 1-0

[Event "Europa ch 2014"]
[Site "Yerevan ARM"]
[Date "2014.03.07"]
[Round "5.100"]
[White "Gevorgyan, Maria"]
[Black "Baghdasaryan, Vahe"]
[Result "1-0"]
[WhiteElo "2180"]
[BlackElo "2368"]
[PlyCount "35"]
[EventDate "2014.03.03"]
[EventType "swiss"]
[EventRounds "11"]
[EventCountry "ARM"]
[Source "lmi"]
[SourceDate "2014.03.02"]

1. e4 c5 2. Nc3 a6 3. Nf3 e6 4. d4 cxd4 5. Nxd4 Qc7 6. g3 Bb4 7. Nde2 Nf6 8.
Bg2 d6 9. O-O O-O 10. Na4 b5 11. a3 Ba5 12. b4 bxa4 13. bxa5 Bb7 14. Qd3 Nbd7
15. Rd1 Ne5 16. Qxd6 Qxc2 17. Rd2 Nxe4 18. Qxf8+ 1-0

[Event "Europa ch 2014"]
[Site "Yerevan ARM"]
[Date "2014.03.07"]
[Round "5.102"]
[White "Babayan, Armine"]
[Black "Nuber, Blasius"]
[Result "0-1"]
[WhiteElo "2085"]
[BlackElo "2359"]
[PlyCount "128"]
[EventDate "2014.03.03"]
[EventType "swiss"]
[EventRounds "11"]
[EventCountry "ARM"]
[Source "lmi"]
[SourceDate "2014.03.02"]

1. e4 Nf6 2. e5 Nd5 3. c4 Nb6 4. d4 d6 5. exd6 cxd6 6. Be3 g6 7. Nc3 Bg7 8. Qd2
O-O 9. Bh6 e5 10. d5 N8d7 11. h4 Nf6 12. Be2 Bxh6 13. Qxh6 Ng4 14. Qd2 f5 15.
f3 Nf6 16. f4 Qe7 17. O-O-O Ne4 18. Nxe4 fxe4 19. fxe5 Qxe5 20. h5 Bf5 21. Qd4
Rae8 22. Qxe5 Rxe5 23. g4 Bd7 24. hxg6 hxg6 25. b3 Rf2 26. Re1 Rg2 27. Nh3 g5
28. Rhg1 Rxg1 29. Rxg1 Nc8 30. Kd2 Ne7 31. Ke3 Kg7 32. Bd1 Ng8 33. Bc2 Nf6 34.
Nf2 b6 35. Bxe4 Re8 36. Kd4 Rh8 37. Bf5 Rh2 38. Ne4 Bxf5 39. gxf5 Nxe4 40. Kxe4
Kf6 41. Ra1 Rh4+ 42. Kf3 Kxf5 43. Re1 Rh2 44. Re6 Rxa2 45. Rxd6 Ra3 46. Rd7
Rxb3+ 47. Kf2 a5 48. Ra7 Ke5 49. Rg7 Kf4 50. Rf7+ Kg4 51. Ra7 Rc3 52. Rb7 Rxc4
53. Rxb6 Rd4 54. d6 Kf4 55. Ra6 Rd2+ 56. Kf1 Kf3 57. Ke1 Rd5 58. d7 Rxd7 59.
Rxa5 g4 60. Ra1 Kg2 61. Ra2+ Kg1 62. Rc2 g3 63. Rc3 g2 64. Rc8 Rh7 0-1

[Event "Europa ch 2014"]
[Site "Yerevan ARM"]
[Date "2014.03.07"]
[Round "5.103"]
[White "Tari, Aryan"]
[Black "Danielyan, Vahe"]
[Result "1-0"]
[WhiteElo "2424"]
[BlackElo "1919"]
[PlyCount "81"]
[EventDate "2014.03.03"]
[EventType "swiss"]
[EventRounds "11"]
[EventCountry "ARM"]
[Source "lmi"]
[SourceDate "2014.03.02"]

1. c4 e6 2. Nc3 f5 3. d4 d5 4. e3 Nf6 5. Bd3 c6 6. Nge2 Bd6 7. f3 O-O 8. Qc2 a6
9. c5 Bc7 10. Bd2 a5 11. O-O-O Na6 12. a3 b5 13. cxb6 Bxb6 14. Na4 Bd7 15. Kb1
c5 16. Nxc5 Nxc5 17. dxc5 Rc8 18. b4 axb4 19. Bxb4 Qe8 20. Rc1 Ba7 21. Nd4 Ba4
22. Qxa4 Qxa4 23. Bb5 Qxb4+ 24. axb4 Rb8 25. f4 Ne4 26. Kc2 Kf7 27. Ra1 Rb7 28.
Ra6 Rc8 29. Rb1 Bxc5 30. bxc5 Rxc5+ 31. Kd3 Rc3+ 32. Ke2 Rbc7 33. Rb2 Rc1 34.
Rc6 R7xc6 35. Bxc6 Rg1 36. Kd3 Rd1+ 37. Kc2 Re1 38. Bd7 Nc5 39. Kd2 Rg1 40.
Bxe6+ Kf6 41. Bxd5 1-0

[Event "Europa ch 2014"]
[Site "Yerevan ARM"]
[Date "2014.03.07"]
[Round "5.105"]
[White "Hayrapetyan, Hovik"]
[Black "Tutisani, Noe"]
[Result "1-0"]
[WhiteElo "2458"]
[BlackElo "2137"]
[PlyCount "191"]
[EventDate "2014.03.03"]
[EventType "swiss"]
[EventRounds "11"]
[EventCountry "ARM"]
[Source "lmi"]
[SourceDate "2014.03.02"]

1. d4 Nf6 2. c4 g6 3. Nc3 d5 4. cxd5 Nxd5 5. e4 Nxc3 6. bxc3 Bg7 7. Nf3 c5 8.
Rb1 O-O 9. Be2 cxd4 10. cxd4 Qa5+ 11. Bd2 Qxa2 12. O-O Bg4 13. Rxb7 Nc6 14. d5
Bxf3 15. Bxf3 Nd4 16. Bb4 Qb2 17. Qb1 Nxf3+ 18. gxf3 Qe5 19. Bxe7 Rfe8 20. Bh4
Qf4 21. Bg3 Qxf3 22. d6 a5 23. Re1 a4 24. Re3 Qf6 25. e5 Qe6 26. Qb4 h6 27. Rf3
Rf8 28. Qe4 f5 29. Qb4 a3 30. Rxa3 Rxa3 31. Qxa3 f4 32. d7 Qd5 33. Bxf4 Qxb7
34. Qxf8+ Bxf8 35. d8=Q Qb1+ 36. Kg2 Qe4+ 37. Kg3 g5 38. Bxg5 Qxe5+ 39. Bf4
Qg7+ 40. Kh3 Qg6 41. Bg3 Qf5+ 42. Kg2 Qe4+ 43. f3 Qc2+ 44. Bf2 Qg6+ 45. Kh1
Qb1+ 46. Bg1 Qf5 47. Qa8 Qh3 48. Qd5+ Kh7 49. Qd3+ Kg8 50. Bd4 Bg7 51. Bxg7
Kxg7 52. Qd4+ Kh7 53. Qe4+ Kh8 54. Kg1 Kg7 55. Qe5+ Kh7 56. Kf2 Qh4+ 57. Ke2
Qc4+ 58. Ke3 Qc1+ 59. Ke4 Qc2+ 60. Ke3 Qc1+ 61. Kf2 Qd2+ 62. Kg1 Kg6 63. h4 Kh7
64. Kf1 Qd1+ 65. Kf2 Qc2+ 66. Kg3 Qc1 67. Qe4+ Kg7 68. Qe7+ Kg8 69. Qd8+ Kg7
70. Qd7+ Kg8 71. Kg4 Qc5 72. Qf5 Qd6 73. Kh5 Kg7 74. f4 Qc6 75. Qe5+ Kf7 76. f5
Qf6 77. Qc7+ Kg8 78. Qc8+ Kg7 79. Qd7+ Kg8 80. Qe8+ Kh7 81. Qd7+ Kh8 82. Kg4
Qf8 83. Qe6 Qg7+ 84. Kf4 Qd4+ 85. Qe4 Qd2+ 86. Ke5 Qa5+ 87. Kf6 Qb6+ 88. Qe6
Qg1 89. Kf7 Qg8+ 90. Ke7 Qg7+ 91. Ke8 h5 92. f6 Qc7 93. Qd7 Qe5+ 94. Kf7 Qg3
95. Qc8+ Kh7 96. Qf5+ 1-0

[Event "Europa ch 2014"]
[Site "Yerevan ARM"]
[Date "2014.03.07"]
[Round "5.106"]
[White "Bykova, Anastasia"]
[Black "Petrosyan, Tigran S"]
[Result "0-1"]
[WhiteElo "2132"]
[BlackElo "2425"]
[PlyCount "86"]
[EventDate "2014.03.03"]
[EventType "swiss"]
[EventRounds "11"]
[EventCountry "ARM"]
[Source "lmi"]
[SourceDate "2014.03.02"]

1. d4 d5 2. Nf3 Nf6 3. c4 e6 4. Qc2 dxc4 5. Qxc4 a6 6. a4 Nc6 7. Bf4 Na5 8. Qc2
Nd5 9. Bd2 Nb4 10. Bxb4 Bxb4+ 11. Nc3 Qd5 12. e3 c5 13. Nd2 Qc6 14. dxc5 Qxc5
15. Bd3 Bxc3 16. bxc3 h6 17. O-O Bd7 18. Be4 O-O 19. Nb3 Nxb3 20. Qxb3 Rab8 21.
Rfd1 Qc7 22. Rd4 Rfc8 23. Rad1 Be8 24. h3 g6 25. Rc1 Kg7 26. Rb4 b6 27. Bd3 a5
28. Rc4 Qd6 29. Rd4 Qc5 30. Qa2 Rd8 31. Qa1 e5 32. Rxd8 Rxd8 33. Rd1 Rc8 34. c4
Bc6 35. Be2 Re8 36. Rd2 h5 37. Rd1 Re6 38. Rd8 Qb4 39. g4 hxg4 40. Bxg4 f5 41.
Be2 Qe7 42. Rd1 Qh4 43. Bf1 Qe4 0-1

[Event "Europa ch 2014"]
[Site "Yerevan ARM"]
[Date "2014.03.07"]
[Round "5.107"]
[White "Berchtenbreiter, Maximilian"]
[Black "Avetisyan, Ashot"]
[Result "1-0"]
[WhiteElo "2421"]
[BlackElo "2121"]
[PlyCount "41"]
[EventDate "2014.03.03"]
[EventType "swiss"]
[EventRounds "11"]
[EventCountry "ARM"]
[Source "lmi"]
[SourceDate "2014.03.02"]

1. d4 d5 2. c4 c6 3. e3 e6 4. Nc3 Nf6 5. Nf3 Nbd7 6. Qc2 Bd6 7. g4 O-O 8. g5
Ne8 9. Bd2 f5 10. gxf6 Nexf6 11. Rg1 e5 12. cxd5 cxd5 13. Ng5 Qe7 14. Nxd5 Qe8
15. Bc4 Kh8 16. dxe5 Bxe5 17. Bb4 g6 18. Bxf8 Qxf8 19. Nxf6 Bxf6 20. Nxh7 Ne5
21. Nxf8 1-0

[Event "Europa ch 2014"]
[Site "Yerevan ARM"]
[Date "2014.03.07"]
[Round "5.108"]
[White "Ben Artzi, Ido"]
[Black "Hudyakov, Sergey"]
[Result "1/2-1/2"]
[WhiteElo "2370"]
[BlackElo "2107"]
[PlyCount "84"]
[EventDate "2014.03.03"]
[EventType "swiss"]
[EventRounds "11"]
[EventCountry "ARM"]
[Source "lmi"]
[SourceDate "2014.03.02"]

1. d4 e6 2. c4 Nf6 3. Nc3 Bb4 4. e3 b6 5. Bd3 Bb7 6. Nf3 Ne4 7. O-O Bxc3 8.
bxc3 f5 9. Qc2 O-O 10. Nd2 Qh4 11. d5 exd5 12. cxd5 Bxd5 13. c4 Bb7 14. f3 Nd6
15. Bb2 Na6 16. Nb3 Qh6 17. Qd2 Rae8 18. Rae1 Qg5 19. a3 Re7 20. Qc2 c5 21. Kh1
Nc7 22. Qf2 Ba6 23. Nd2 Nd5 24. Be5 Qh6 25. Qg3 Nf7 26. f4 Nxe5 27. fxe5 Qc6
28. Qf3 Rxe5 29. e4 Nf6 30. exf5 Qc8 31. Qg3 Rxe1 32. Rxe1 Qb8 33. Qh4 Bb7 34.
Ne4 Qe5 35. Nxf6+ Qxf6 36. Qg3 Bc6 37. h3 Qd4 38. Re7 Qf6 39. Qe3 Qh4 40. Kh2
Qf6 41. Kh1 Qa1+ 42. Kh2 Qf6 1/2-1/2

[Event "Europa ch 2014"]
[Site "Yerevan ARM"]
[Date "2014.03.07"]
[Round "5.109"]
[White "Pavlidis, Anastasios"]
[Black "Imnadze, Nato"]
[Result "1-0"]
[WhiteElo "2340"]
[BlackElo "2100"]
[PlyCount "57"]
[EventDate "2014.03.03"]
[EventType "swiss"]
[EventRounds "11"]
[EventCountry "ARM"]
[Source "lmi"]
[SourceDate "2014.03.02"]

1. e4 d6 2. d4 Nf6 3. Nc3 e5 4. Nf3 Nbd7 5. Bc4 Be7 6. O-O O-O 7. a4 c6 8. Re1
a5 9. h3 Nb6 10. Ba2 Nfd7 11. Be3 Qc7 12. Qe2 h6 13. Rad1 Rd8 14. Qd2 Nf8 15.
Qe2 Nfd7 16. Nh2 exd4 17. Bxd4 Nc5 18. Qh5 Ne6 19. Ng4 Bf8 20. Re3 Nxd4 21.
Rxd4 Bxg4 22. hxg4 c5 23. Rf3 c4 24. Nd5 Qc5 25. Qxf7+ Kh8 26. c3 Nxd5 27. exd5
b5 28. Bb1 Re8 29. Rd1 1-0

[Event "Europa ch 2014"]
[Site "Yerevan ARM"]
[Date "2014.03.07"]
[Round "5.110"]
[White "Hakobyan, Aram"]
[Black "Ramazian, Arshak"]
[Result "0-1"]
[WhiteElo "2103"]
[BlackElo "2336"]
[PlyCount "116"]
[EventDate "2014.03.03"]
[EventType "swiss"]
[EventRounds "11"]
[EventCountry "ARM"]
[Source "lmi"]
[SourceDate "2014.03.02"]

1. d4 d5 2. c4 e6 3. Nc3 Nf6 4. Bg5 Nbd7 5. Nf3 c6 6. e3 Qa5 7. Nd2 Bb4 8. Qc2
c5 9. Nb3 Qa4 10. Bxf6 Nxf6 11. dxc5 O-O 12. cxd5 exd5 13. Bd3 Qc6 14. O-O Bxc5
15. Nxd5 Qxd5 16. Rfd1 Qh5 17. Qxc5 Qh6 18. Nd4 Bg4 19. Nf5 Bxf5 20. Qxf5 Qh4
21. Rac1 Qb4 22. b3 Rad8 23. Bc4 Rd2 24. Rxd2 Qxd2 25. Qc2 Qa5 26. Rd1 Rd8 27.
h3 Rxd1+ 28. Qxd1 g6 29. a4 Kg7 30. Qa1 Qd2 31. e4 Qf4 32. e5 Ne4 33. e6+ Kf8
34. Qa3+ Nd6 35. exf7 Qd4 36. g3 Kg7 37. Qb4 b6 38. Qe1 Ne4 39. Kg2 Kf8 40.
Qb4+ Nd6 41. a5 b5 42. Qa3 bxc4 43. bxc4 Kxf7 44. c5 Qd5+ 45. Kh2 Ne4 46. Qf3+
Qf5 47. Qb3+ Kg7 48. Qb2+ Kf7 49. Qb7+ Ke6 50. Qc8+ Kd5 51. Qb7+ Kxc5 52. Qa6
Kd4 53. f4 Qc5 54. h4 Ke3 55. Kh3 Nf2+ 56. Kh2 Qc2 57. Qb7 Ne4+ 58. Kh3 Kf3 0-1

[Event "Europa ch 2014"]
[Site "Yerevan ARM"]
[Date "2014.03.07"]
[Round "5.111"]
[White "Galojan, Lilit"]
[Black "Kanjaryan, Vladimir"]
[Result "1-0"]
[WhiteElo "2317"]
[BlackElo "2067"]
[PlyCount "91"]
[EventDate "2014.03.03"]
[EventType "swiss"]
[EventRounds "11"]
[EventCountry "ARM"]
[Source "lmi"]
[SourceDate "2014.03.02"]

1. d4 d5 2. c4 dxc4 3. Nf3 Nf6 4. e3 Bg4 5. Bxc4 e6 6. h3 Bh5 7. O-O a6 8. a3
Nc6 9. b4 Be7 10. Bb2 O-O 11. Nbd2 Nd5 12. Re1 a5 13. b5 Na7 14. Rc1 c6 15.
bxc6 Nxc6 16. e4 Nc7 17. Bb3 Ra6 18. g4 Bg6 19. Nc4 a4 20. Ba2 b5 21. Nce5 Nxe5
22. Nxe5 Bd6 23. f4 f6 24. Nxg6 hxg6 25. Qf3 b4 26. Bc4 bxa3 27. Ba1 Rb6 28. f5
g5 29. fxe6 Qe7 30. Rb1 Rfb8 31. Rxb6 Rxb6 32. e5 fxe5 33. Qf5 Rb3 34. Rf1 Rg3+
35. Kf2 Rb3 36. Kg2 Nb5 37. Qf8+ Kh7 38. Qf5+ Kg8 39. Qf8+ Kh7 40. Qf5+ Kh8 41.
Qe4 Nc3 42. Bxc3 Rxc3 43. Bd5 exd4 44. Rf7 d3 45. Qg6 Rc2+ 46. Kf3 1-0

[Event "Europa ch 2014"]
[Site "Yerevan ARM"]
[Date "2014.03.07"]
[Round "5.112"]
[White "Henseler, Jorgen"]
[Black "Aharon, Ofir"]
[Result "0-1"]
[WhiteElo "2075"]
[BlackElo "2316"]
[PlyCount "68"]
[EventDate "2014.03.03"]
[EventType "swiss"]
[EventRounds "11"]
[EventCountry "ARM"]
[Source "lmi"]
[SourceDate "2014.03.02"]

1. e4 c5 2. Nf3 Nc6 3. d4 cxd4 4. Nxd4 g6 5. c4 Bg7 6. Be3 Nf6 7. Nc3 O-O 8.
Be2 d6 9. O-O Nd7 10. Qd2 Nc5 11. Rfd1 Bd7 12. Rac1 Rc8 13. f3 Nxd4 14. Bxd4
Bxd4+ 15. Qxd4 a5 16. b3 Be6 17. f4 Qb6 18. f5 gxf5 19. exf5 Bxf5 20. Nd5 Qd8
21. Qh4 f6 22. Bg4 Bxg4 23. Qxg4+ Kh8 24. Rc3 Rg8 25. Qh4 Rg7 26. Re1 Nd7 27.
Ree3 Ne5 28. Rg3 Qf8 29. Qh3 f5 30. Rxg7 Qxg7 31. Qxf5 Rf8 32. Qh3 Qf7 33. Rf3
Nxf3+ 34. gxf3 e6 0-1

[Event "Europa ch 2014"]
[Site "Yerevan ARM"]
[Date "2014.03.07"]
[Round "5.113"]
[White "Cherednichenko, Svetlana"]
[Black "Yayloyan, Konstantin"]
[Result "1/2-1/2"]
[WhiteElo "2270"]
[BlackElo "1963"]
[PlyCount "234"]
[EventDate "2014.03.03"]
[EventType "swiss"]
[EventRounds "11"]
[EventCountry "ARM"]
[Source "lmi"]
[SourceDate "2014.03.02"]

1. d4 Nf6 2. Nf3 g6 3. c4 Bg7 4. Nc3 O-O 5. e4 d6 6. Be2 e5 7. O-O Nc6 8. d5
Ne7 9. b4 a5 10. Ba3 axb4 11. Bxb4 b6 12. a4 Re8 13. a5 c5 14. dxc6 Nxc6 15.
Bxd6 Nd4 16. Nxd4 exd4 17. Nb5 Nxe4 18. Bc7 Qg5 19. Bxb6 d3 20. Qxd3 Bxa1 21.
Rxa1 Bb7 22. Bf3 Nc5 23. Qe3 Bxf3 24. Qxf3 Qe5 25. Rf1 Ne4 26. Qd3 Rac8 27. Na7
Ra8 28. Nb5 Rac8 29. Na7 Ra8 30. Nc6 Qf6 31. Nb4 Rac8 32. Nd5 Qc6 33. Rc1 Re5
34. Ne3 h5 35. f4 Nc5 36. Qc3 Re6 37. Nd5 Na4 38. Qd4 Rce8 39. h3 f6 40. Kh2
Kf7 41. Nb4 Qe4 42. Qxe4 Rxe4 43. Nd5 Rc8 44. c5 Rd4 45. Nc7 Rd7 46. a6 Rcxc7
47. Bxc7 Rxc7 48. Ra1 Rxc5 49. Rxa4 Rc8 50. a7 Ra8 51. Ra6 h4 52. Kg1 Ke8 53.
Rxf6 Rxa7 54. Rxg6 Rf7 55. Rg4 Rh7 56. Kf2 Kf7 57. Kf3 Kf6 58. Rg8 Kf5 59. Rg5+
Ke6 60. Ra5 Kf6 61. Ra6+ Kf5 62. Ra5+ Kf6 63. Rg5 Ke6 64. g3 hxg3 65. Kxg3 Ra7
66. Kg4 Kf6 67. h4 Ra1 68. Rf5+ Kg7 69. Rb5 Rg1+ 70. Kf5 Rh1 71. Kg4 Rg1+ 72.
Kf5 Rh1 73. Rb7+ Kh6 74. Rb6+ Kg7 75. Rb7+ Kh6 76. Rb6+ Kg7 77. Rg6+ Kh7 78.
Rg4 Kh6 79. Kf6 Ra1 80. Rg5 Rh1 81. h5 Rh2 82. Kf5 Rh1 83. Rg6+ Kh7 84. Kg5
Rg1+ 85. Kf6 Rh1 86. h6 Rb1 87. f5 Ra1 88. Ke5 Ra5+ 89. Kf4 Ra1 90. Re6 Rf1+
91. Ke5 Re1+ 92. Kd6 Rf1 93. Ke5 Re1+ 94. Kf6 Rf1 95. Re2 Ra1 96. Kf7 Ra7+ 97.
Re7 Ra8 98. Re6 Ra7+ 99. Ke8 Ra8+ 100. Kd7 Ra7+ 101. Kd6 Ra6+ 102. Ke5 Ra5+
103. Kf6 Ra1 104. Kg5 Rg1+ 105. Kf6 Ra1 106. Kf7 Ra7+ 107. Re7 Ra8 108. f6 Kxh6
109. Re2 Ra7+ 110. Kg8 Ra8+ 111. Kf7 Ra7+ 112. Re7 Ra8 113. Ke6 Ra6+ 114. Kf5
Ra5+ 115. Re5 Ra1 116. Re4 Ra5+ 117. Re5 Ra1 1/2-1/2

[Event "Europa ch 2014"]
[Site "Yerevan ARM"]
[Date "2014.03.07"]
[Round "5.114"]
[White "Barseghyan, Harutyun"]
[Black "Dilanyan, Grigor"]
[Result "1-0"]
[WhiteElo "2067"]
[BlackElo "2266"]
[PlyCount "137"]
[EventDate "2014.03.03"]
[EventType "swiss"]
[EventRounds "11"]
[EventCountry "ARM"]
[Source "lmi"]
[SourceDate "2014.03.02"]

1. d4 Nf6 2. c4 e6 3. Nc3 d5 4. Bg5 c6 5. e3 Nbd7 6. cxd5 exd5 7. Nf3 Qa5 8.
Nd2 Bb4 9. Qc2 O-O 10. Bd3 h6 11. Bh4 g5 12. Bg3 c5 13. Nb3 Qa4 14. dxc5 Nxc5
15. O-O Bxc3 16. Qxc3 Nce4 17. Qd4 Qxd4 18. Nxd4 Nxg3 19. hxg3 Be6 20. Rfc1
Rfc8 21. Kf1 Kf8 22. Ke2 Ke7 23. Rxc8 Rxc8 24. Rh1 h5 25. Nf3 Bg4 26. Kd2 Bxf3
27. gxf3 Kd6 28. Bf5 Rc5 29. f4 g4 30. Bd3 a5 31. a3 Rc8 32. Ke2 Rc6 33. Rd1
Ke6 34. f3 Rb6 35. Rd2 Rb3 36. Bc2 Rb6 37. Bb1 Ke7 38. Ba2 Rb5 39. Rc2 Kd6 40.
Rd2 b6 41. Kf2 Kc6 42. Bb1 Rc5 43. e4 gxf3 44. Kxf3 dxe4+ 45. Bxe4+ Nxe4 46.
Kxe4 f5+ 47. Kf3 Rc1 48. Kg2 Kb5 49. Kh3 Rh1+ 50. Kg2 Rb1 51. Kh3 Kc4 52. Kh4
Rg1 53. Rd6 b5 54. Rc6+ Kd5 55. Rb6 Kc5 56. Rf6 a4 57. Rxf5+ Kc4 58. Re5 Rh1+
59. Kg5 Rh3 60. Re4+ Kd3 61. Rb4 Rxg3+ 62. Kxh5 Kc2 63. Rxb5 Rb3 64. Ra5 Rxb2
65. Rxa4 Kd3 66. f5 Rh2+ 67. Kg6 Rg2+ 68. Kf7 Kc3 69. Rf4 1-0

[Event "Europa ch 2014"]
[Site "Yerevan ARM"]
[Date "2014.03.07"]
[Round "5.115"]
[White "Mkrtchyan, Sargis R"]
[Black "Poghosyan, Suren"]
[Result "0-1"]
[WhiteElo "1909"]
[BlackElo "2257"]
[PlyCount "58"]
[EventDate "2014.03.03"]
[EventType "swiss"]
[EventRounds "11"]
[EventCountry "ARM"]
[Source "lmi"]
[SourceDate "2014.03.02"]

1. d4 e6 2. c4 Nf6 3. Nc3 d5 4. Nf3 dxc4 5. Qa4+ c6 6. Qxc4 b5 7. Qb3 a6 8. Bg5
c5 9. dxc5 Bxc5 10. e3 Nbd7 11. Be2 O-O 12. O-O h6 13. Bh4 Bb7 14. Rfd1 Qe7 15.
Rd2 Rac8 16. Rad1 Nb6 17. a3 g5 18. Bg3 Nbd5 19. h4 Nxc3 20. bxc3 Bd5 21. Qb1
Ne4 22. Be5 Nxd2 23. Rxd2 f6 24. Bg3 Rfd8 25. hxg5 hxg5 26. Nxg5 fxg5 27. Be5
Qh7 28. Bd3 Qh6 29. Qd1 Bd6 0-1

[Event "Europa ch 2014"]
[Site "Yerevan ARM"]
[Date "2014.03.07"]
[Round "5.116"]
[White "Hakobyan, Hovhannes H"]
[Black "Oganisian, Roman"]
[Result "0-1"]
[WhiteElo "1869"]
[BlackElo "2243"]
[PlyCount "78"]
[EventDate "2014.03.03"]
[EventType "swiss"]
[EventRounds "11"]
[EventCountry "ARM"]
[Source "lmi"]
[SourceDate "2014.03.02"]

1. e4 e6 2. d4 d5 3. Nc3 Ne7 4. Nf3 dxe4 5. Nxe4 Nf5 6. Bd3 Be7 7. c3 Nd7 8.
Qe2 O-O 9. Bf4 Re8 10. O-O-O Nf8 11. g4 Ng6 12. Bd2 Nfh4 13. g5 Nxf3 14. Qxf3
c5 15. Be3 cxd4 16. Bxd4 Qc7 17. Kb1 e5 18. Be3 Be6 19. h4 Red8 20. b3 Qc8 21.
Rhg1 Qc6 22. Bc2 Nxh4 23. Rxd8+ Rxd8 24. Qh5 Ng6 25. Rh1 Kf8 26. Qxh7 Ba3 27.
c4 Bg4 28. Ng3 Rd6 29. Bc1 Bxc1 30. Rxc1 Rd2 31. Nh5 Bxh5 32. Qxh5 Rxf2 33. Qg4
Rf4 34. Qg3 Rd4 35. Rf1 Nf4 36. Qh2 Qg2 37. Qh8+ Ke7 38. Re1 Ne6 39. g6 Rd8 0-1

[Event "Europa ch 2014"]
[Site "Yerevan ARM"]
[Date "2014.03.07"]
[Round "5.117"]
[White "Pogosian, Georgy"]
[Black "Rusek, Walter"]
[Result "1-0"]
[WhiteElo "2234"]
[BlackElo "1794"]
[PlyCount "61"]
[EventDate "2014.03.03"]
[EventType "swiss"]
[EventRounds "11"]
[EventCountry "ARM"]
[Source "lmi"]
[SourceDate "2014.03.02"]

1. c4 c6 2. e4 d5 3. exd5 cxd5 4. cxd5 Nf6 5. Nc3 Nxd5 6. Nf3 e6 7. d4 Be7 8.
Bd3 O-O 9. O-O Nd7 10. Re1 b6 11. Nxd5 exd5 12. Bf4 Bb4 13. Re2 Nf6 14. Ne5 Bg4
15. f3 Bd7 16. Bg5 Be7 17. Qb3 Be8 18. Rae1 h6 19. Bh4 Rc8 20. Bb1 Rc7 21. Qd3
g5 22. Ng4 Ne4 23. fxe4 dxe4 24. Nxh6+ Kh8 25. Rxe4 f5 26. Re6 gxh4 27. Nxf5
Bg5 28. Ne7 Rf7 29. Ng6+ Kg7 30. Ne5 Rf6 31. Qh7+ 1-0

[Event "Europa ch 2014"]
[Site "Yerevan ARM"]
[Date "2014.03.07"]
[Round "5.119"]
[White "Bejashvili, Irma"]
[Black "Mnatsakanian, Eduard A"]
[Result "0-1"]
[WhiteElo "1749"]
[BlackElo "2144"]
[PlyCount "79"]
[EventDate "2014.03.03"]
[EventType "swiss"]
[EventRounds "11"]
[EventCountry "ARM"]
[Source "lmi"]
[SourceDate "2014.03.02"]

1. e4 c5 2. d4 cxd4 3. c3 Nf6 4. e5 Nd5 5. cxd4 d6 6. Nf3 Nc6 7. Bc4 Nb6 8. Bb3
d5 9. h3 Bf5 10. Nc3 e6 11. Bg5 Qd7 12. Rc1 h6 13. Bh4 a6 14. O-O Rc8 15. Qe2
Be7 16. Rfd1 O-O 17. g4 Bg6 18. Bg3 Na5 19. Bc2 Nbc4 20. Bxg6 fxg6 21. b3 Nb6
22. Qd3 Nc6 23. Kg2 Ba3 24. Rb1 Nb4 25. Qd2 Qc6 26. Ne2 Qe8 27. Ne1 g5 28. Nc1
Qg6 29. Ne2 Rc6 30. Nc3 Rfc8 31. Na4 Nd7 32. Nb2 a5 33. Rbc1 Rxc1 34. Rxc1 Rxc1
35. Qxc1 Qe4+ 36. Nf3 Qe2 37. Qc7 Nf8 38. Na4 Nc2 39. Nh2 Ne3+ 40. Kg1 0-1